000 00479nam a2200145 4500
008 735.230.47 R234r
020 _a0965058352
082 _a735.230.47
_bR234r
100 _aRath, Alan
_96604
245 _aRobotics
260 _aSanta Fe, Nuevo México
_bSITE Santa Fe
_c1999
300 _a64 p.
_bill (col)
_c23.5 x 29.5 cm
650 _xarte contemporáneo
_xarte - exhibiciones
_xarte - escultura
_xescultura cinética
_xEstados Unidos
_96605
700 _aGrachos, Louis (curaduría)
_96606
999 _c1586
_d1586